=LDR 00000nam 2200000 4500 =001 INLIS000000000014012 =005 20250314093144 =035 ##$$a 0010-061300000014012 =008 250314################g##########0#ind## =041 ##$$a Ind =082 ##$$a R.2x4.000 3 =090 ##$$a 2x4.000 3, Bah k =100 ##$$a Bahreisy, Hussein Khalid =245 1#$$a Kamus standar hukum islam, /$c Hussein Khalid Bahreisy =260 ##$$a Surabaya :$b Tiga Dua,$c 1997 =300 ##$$a 313 hlm. ; $c 19 x 13 cm. =650 #4$$a Hukum Islam =650 #4$$a Kamus =850 ##$$a NBPNMAT =084 ##$$a R.2x4.000 3 BAH k =250 ##$$a cet.1 =990 ##$$a 107.592/Pro-97 =990 ##$$a 02740274 =990 ##$$a 02740274 =990 ##$$a 107.594/pb-1997 =990 ##$$a 107.592/Pro-97 =990 ##$$a 1199701831 =990 ##$$a 124.733/pb-97 =990 ##$$a 107.592/Pro-97 =990 ##$$a 107.594/pb-1997